[Event "Gothenburg Kvibergspelen"]
[Site "Gothenburg"]
[Date "2024.09.06"]
[Round "4"]
[White "Andersson, Johan"]
[Black "Bengtsson, Siv"]
[Result "1-0"]
[WhiteElo "2158"]
[BlackElo "1972"]
[PlyCount "57"]
[EventDate "2024.09.06"]
[EventType "swiss"]
[EventRounds "8"]
[EventCountry "SWE"]
[SourceTitle "EXT 2025"]
[Source "ChessBase"]
[SourceDate "2024.10.14"]
[SourceVersion "1"]
[SourceVersionDate "2024.10.14"]
[SourceQuality "1"]

1. e4 c5 2. Nf3 Nc6 3. Bb5 d6 4. d4 cxd4 5. Qxd4 Bd7 6. Bxc6 Bxc6 7. Nc3 Nf6 8. Bg5 e6 9. 0-0-0 Be7 10. Rhe1 0-0 11. Kb1 a6 12. Qd2 Rc8 13. Nd4 h6 14. Bxh6 gxh6 15. Qxh6 Nh7 16. Rd3 Bg5 17. Rg3 Kh8 18. Qh5 Qf6 19. Nf3 Bf4 20. Rh3 Qg7 21. g3 f5 22. gxf4 fxe4 23. Ng5 Be8 24. Qxh7+ Qxh7 25. Rxh7+ Kg8 26. Rh4 d5 27. Rg1 Bg6 28. Nxe6 Rf6 29. f5 1-0

[Event "SWE-chT2 1314"]
[Site "Sweden"]
[Date "2013.11.22"]
[Round "1"]
[White "Andersson, Johan"]
[Black "Jakenberg, Jussi"]
[Result "1/2-1/2"]
[WhiteElo "2139"]
[BlackElo "2068"]
[PlyCount "115"]
[EventDate "2013.11.22"]
[EventType "team-tourn"]
[EventRounds "9"]
[EventCountry "SWE"]
[SourceTitle "EXT 2015"]
[Source "ChessBase"]
[SourceDate "2014.11.20"]
[SourceVersion "1"]
[SourceVersionDate "2014.11.20"]
[SourceQuality "1"]
[WhiteTeam "Kamraterna"]
[BlackTeam "Sollentuna"]
[WhiteTeamCountry "SWE"]
[BlackTeamCountry "SWE"]

1. e4 e5 2. Nf3 Nf6 3. Nc3 Bb4 4. Nxe5 0-0 5. Be2 Bxc3 6. dxc3 Nxe4 7. c4 d6 8. Nd3 Nc6 9. Be3 Re8 10. 0-0 Bf5 11. c3 b6 12. Rc1 a5 13. Bf3 Ne5 14. Nxe5 Rxe5 15. Bf4 Re8 16. Qd5 Qf6 17. Rfe1 Nc5 18. Re3 Nd3 19. Qc6 Rf8 20. Rxd3 Bxd3 21. Be3 Rac8 22. Rd1 Qg6 23. Qd5 Bf5 24. Rd4 Be6 25. Qb5 Qb1+ 26. Bd1 Qxa2 27. Bc2 Rfe8 28. h3 Rcd8 29. Qh5 g6 30. Qh6 Rd7 31. Rh4 f5 32. Bd4 Qxc4 33. Bg7 Rxg7 34. Rxc4 Bxc4 35. b3 Bd5 36. Qd2 Be4 37. Bd1 Rge7 38. b4 axb4 39. Bb3+ d5 40. f3 Bxf3 41. gxf3 Re1+ 42. Kf2 R1e2+ 43. Qxe2 Rxe2+ 44. Kxe2 bxc3 45. Bxd5+ Kg7 46. Kd3 Kf6 47. Kxc3 Ke5 48. Bg8 h6 49. Kc4 Kf4 50. Bf7 Kxf3 51. Bxg6 Ke4 52. Kb5 Ke5 53. Kc6 f4 54. Bd3 h5 55. Kxc7 h4 56. Kxb6 f3 57. Kc5 Kf4 58. Kd4 1/2-1/2

[Event "SWE-chT 0910"]
[Site "Sweden"]
[Date "2010.02.27"]
[Round "8"]
[White "Martensson, Ulf"]
[Black "Andersson, Johan"]
[Result "1/2-1/2"]
[WhiteElo "2114"]
[BlackElo "2125"]
[PlyCount "34"]
[EventDate "2009.10.16"]
[EventType "team"]
[EventRounds "11"]
[EventCountry "SWE"]
[SourceTitle "EXT 2011"]
[Source "ChessBase"]
[SourceDate "2010.11.26"]
[SourceVersion "1"]
[SourceVersionDate "2010.11.26"]
[SourceQuality "1"]
[WhiteTeam "Kamraterna"]
[BlackTeam "Eksjo"]
[WhiteTeamCountry "SWE"]
[BlackTeamCountry "SWE"]

1. d4 d6 2. e4 Nf6 3. Nc3 c6 4. Nf3 Bg4 5. Be2 e6 6. 0-0 d5 7. exd5 cxd5 8. h3 Bh5 9. Ne5 Bxe2 10. Qxe2 Nc6 11. Qb5 Qc7 12. Nxc6 bxc6 13. Qd3 Rb8 14. Ne2 c5 15. Bf4 Bd6 16. Bxd6 Qxd6 17. b3 0-0 1/2-1/2

[Event "SWE-chB"]
[Site "Gothenburg"]
[Date "2006.07.14"]
[Round "13"]
[White "Glimbrant, Torbjorn"]
[Black "Andersson, Johan"]
[Result "1/2-1/2"]
[WhiteElo "2286"]
[BlackElo "2174"]
[PlyCount "55"]
[EventDate "2006.07.01"]
[EventType "tourn"]
[EventRounds "13"]
[EventCountry "SWE"]
[SourceTitle "EXT 2008"]
[Source "ChessBase"]
[SourceDate "2007.11.25"]
[SourceVersion "1"]
[SourceVersionDate "2007.11.25"]
[SourceQuality "1"]

1. e4 d6 2. d4 Nf6 3. Nc3 c6 4. Nf3 Bg4 5. Be2 e6 6. Be3 d5 7. e5 Nfd7 8. Nd2 Bxe2 9. Nxe2 c5 10. c3 Be7 11. 0-0 Nc6 12. f4 g6 13. g3 Rc8 14. a3 c4 15. a4 Na5 16. Kg2 0-0 17. g4 f5 18. exf6 Nxf6 19. Ng3 Bd6 20. h3 Qc7 21. Qc2 Ne8 22. Ne2 Ng7 23. Nf3 Nb3 24. Rae1 Qd7 25. Ng5 Be7 26. Nf3 Bd6 27. Ng5 Be7 28. Nf3 1/2-1/2

[Event "SWE-chB"]
[Site "Gothenburg"]
[Date "2006.07.07"]
[Round "7"]
[White "Andersson, Johan"]
[Black "Dragicevic, Drazen"]
[Result "1/2-1/2"]
[WhiteElo "2174"]
[BlackElo "2170"]
[PlyCount "155"]
[EventDate "2006.07.01"]
[EventType "tourn"]
[EventRounds "13"]
[EventCountry "SWE"]
[SourceTitle "EXT 2008"]
[Source "ChessBase"]
[SourceDate "2007.11.25"]
[SourceVersion "1"]
[SourceVersionDate "2007.11.25"]
[SourceQuality "1"]

1. e4 c5 2. Nf3 Nc6 3. Bb5 g6 4. 0-0 Bg7 5. Qe2 Nf6 6. e5 Ng4 7. Bxc6 dxc6 8. d3 0-0 9. h3 Nh6 10. Bf4 Nf5 11. c3 Bh8 12. Nbd2 b6 13. Rad1 Qd5 14. b3 a5 15. Nc4 Qd8 16. g4 Ng7 17. d4 Qc7 18. dxc5 bxc5 19. Bh6 a4 20. Qe3 axb3 21. axb3 Rb8 22. Rb1 Rd8 23. Bxg7 Bxg7 24. Qxc5 Rd3 25. Ne3 Be6 26. Nd4 Bxe5 27. Qxc6 Rxc3 28. Qxc7 Bxc7 29. Nxe6 fxe6 30. Rfc1 Rbxb3 31. Rxb3 Rxc1+ 32. Kg2 Kf7 33. Rd3 Bb6 34. Rb3 Bc5 35. Kf3 e5 36. Rd3 Ke6 37. Kg2 Bd4 38. Nd1 Kd5 39. Ne3+ Ke4 40. Rb3 Rc3 41. Rxc3 Bxc3 42. Nf1 Kd3 43. Ne3 e6 44. g5 Ke4 45. Ng4 Kf5 46. Nf6 h6 47. f3 Bd2 48. Ne4 Bxg5 49. Nd6+ Kf4 50. Ne4 Be7 51. Nf2 h5 52. Nd3+ Kf5 53. Nf2 Bc5 54. Ne4 Bb4 55. Ng3+ Kf4 56. Ne4 Be7 57. Ng3 Bh4 58. Ne4 Be1 59. Nc5 Kf5 60. Ne4 g5 61. Nc5 Bh4 62. Kf1 Bg3 63. Ne4 Kf4 64. Kg2 Be1 65. Nc5 Kf5 66. Nd3 Bd2 67. Nc5 Bb4 68. Nd3 Ba5 69. Nc5 Bb4 70. Ne4 Kf4 71. Nf6 e4 72. Nxh5+ Ke3 73. fxe4 Kxe4 74. Kg3 Kf5 75. Ng7+ Kf6 76. Nxe6 Kxe6 77. h4 gxh4+ 78. Kg2 1/2-1/2

[Event "SWE-chB"]
[Site "Gothenburg"]
[Date "2006.07.06"]
[Round "6"]
[White "Norberg, Johan"]
[Black "Andersson, Johan"]
[Result "1-0"]
[WhiteElo "2206"]
[BlackElo "2174"]
[PlyCount "67"]
[EventDate "2006.07.01"]
[EventType "tourn"]
[EventRounds "13"]
[EventCountry "SWE"]
[SourceTitle "EXT 2008"]
[Source "ChessBase"]
[SourceDate "2007.11.25"]
[SourceVersion "1"]
[SourceVersionDate "2007.11.25"]
[SourceQuality "1"]

1. e4 g6 2. d4 Bg7 3. Nc3 d6 4. Be3 a6 5. h4 h5 6. Qd2 Nd7 7. Nh3 b5 8. Ng5 Bb7 9. 0-0-0 Rc8 10. f4 Nh6 11. e5 e6 12. d5 b4 13. dxe6 bxc3 14. exd7+ Qxd7 15. Qxc3 0-0 16. Bc4 d5 17. Bc5 Rfd8 18. Bb3 Qg4 19. Qf3 Qxf3 20. gxf3 Bf8 21. Bxf8 Kxf8 22. e6 Rd6 23. Rhe1 f6 24. e7+ Ke8 25. Ne6 Nf5 26. c4 Kf7 27. Nd8+ Rcxd8 28. exd8N+ Rxd8 29. cxd5 Rd6 30. Rd3 Nxh4 31. Rc3 Bxd5 32. Rxc7+ Kf8 33. Rc8+ Kf7 34. Rd1 1-0

[Event "SWE-chB"]
[Site "Gothenburg"]
[Date "2006.07.04"]
[Round "4"]
[White "Semcesen, Daniel"]
[Black "Andersson, Johan"]
[Result "1-0"]
[WhiteElo "2359"]
[BlackElo "2174"]
[PlyCount "71"]
[EventDate "2006.07.01"]
[EventType "tourn"]
[EventRounds "13"]
[EventCountry "SWE"]
[SourceTitle "EXT 2008"]
[Source "ChessBase"]
[SourceDate "2007.11.25"]
[SourceVersion "1"]
[SourceVersionDate "2007.11.25"]
[SourceQuality "1"]

1. d4 d6 2. Nf3 Bg4 3. c4 Nd7 4. d5 a5 5. Nd4 Nc5 6. f3 Bd7 7. e4 g6 8. Nc3 Bg7 9. Be3 Nf6 10. Qd2 h6 11. Be2 c6 12. 0-0 Kf8 13. dxc6 bxc6 14. e5 dxe5 15. Nxc6 Qc7 16. Bxc5 Bxc6 17. Be3 Rd8 18. Qc2 Kg8 19. a3 Qb7 20. Rab1 e4 21. f4 e5 22. f5 Kh7 23. b4 axb4 24. axb4 Rd3 25. Nd1 Rc8 26. b5 Bd7 27. fxg6+ fxg6 28. Bxd3 exd3 29. Qxd3 Bf5 30. Rxf5 gxf5 31. Qxf5+ Kh8 32. c5 Rf8 33. c6 Qc7 34. Bc5 Rf7 35. Qe6 Qa5 36. Ne3 1-0

[Event "SWE-chT 0203"]
[Site "Sweden"]
[Date "2003.02.08"]
[Round "7"]
[White "Andersson, Johan"]
[Black "Eriksson, Magnus2"]
[Result "0-1"]
[WhiteElo "2148"]
[BlackElo "2322"]
[PlyCount "44"]
[EventDate "2002.10.11"]
[EventType "team-tourn"]
[EventRounds "11"]
[EventCountry "SWE"]
[SourceTitle "EXT 2004"]
[Source "ChessBase"]
[SourceDate "2003.11.25"]
[SourceVersion "1"]
[SourceVersionDate "2003.11.25"]
[SourceQuality "1"]
[WhiteTeam "Eksjo"]
[BlackTeam "Limhamn"]
[WhiteTeamCountry "SWE"]
[BlackTeamCountry "SWE"]

1. e4 e5 2. Nf3 d6 3. Bc4 Be7 4. d4 exd4 5. Nxd4 Nf6 6. Nc3 0-0 7. 0-0 c6 8. a4 a5 9. Bf4 Na6 10. Re1 Nc5 11. Qd2 Ng4 12. Rad1 Ne5 13. Ba2 Qb6 14. Nf5 Bxf5 15. exf5 Qb4 16. Qe3 Rfe8 17. Rd4 Qxb2 18. Rb1 Qxc2 19. Qh3 Ned3 20. Rc4 Qxf2+ 21. Kh1 Nxf4 22. Qg4 Bf6 0-1

[Event "SWE-chT 0203"]
[Site "Sweden"]
[Date "2002.11.16"]
[Round "4"]
[White "Andersson, Johan"]
[Black "Kinnmark, Ove"]
[Result "1/2-1/2"]
[WhiteElo "2148"]
[BlackElo "2364"]
[PlyCount "99"]
[EventDate "2002.10.11"]
[EventType "team-tourn"]
[EventRounds "11"]
[EventCountry "SWE"]
[SourceTitle "EXT 2004"]
[Source "ChessBase"]
[SourceDate "2003.11.25"]
[SourceVersion "1"]
[SourceVersionDate "2003.11.25"]
[SourceQuality "1"]
[WhiteTeam "Eksjo"]
[BlackTeam "Manhem"]
[WhiteTeamCountry "SWE"]
[BlackTeamCountry "SWE"]

1. e4 c5 2. Nf3 e6 3. Nc3 a6 4. d4 cxd4 5. Nxd4 Qc7 6. g3 Nf6 7. Bg2 Nc6 8. Nxc6 bxc6 9. 0-0 Be7 10. Re1 e5 11. h3 0-0 12. Be3 Rb8 13. Na4 d5 14. exd5 cxd5 15. b3 h6 16. Kh2 Rd8 17. Qe2 Bd6 18. Rac1 Re8 19. c3 a5 20. Qd2 Be6 21. f4 Nh5 22. f5 Bxf5 23. Qxd5 Be6 24. Qc6 Qe7 25. Bc5 Rbd8 26. Bxd6 Rxd6 27. Qf3 Qg5 28. Rc2 Bf5 29. Rf2 Bg6 30. Qe3 Rd3 31. Qxg5 hxg5 32. Bf3 Nf6 33. c4 e4 34. Bg2 Red8 35. Nc5 Rd2 36. Rfe2 e3 37. Kg1 Rxe2 38. Rxe2 Rd1+ 39. Kh2 Rd2 40. Rxe3 Rxa2 41. g4 Bc2 42. Kg3 g6 43. Bc6 Kg7 44. Re7 Bxb3 45. Nxb3 Ra3 46. Re3 a4 47. Bxa4 Rxa4 48. Nd2 Ra2 49. Nf3 Ra5 50. h4 1/2-1/2

[Event "SWE-chT 0203"]
[Site "Sweden"]
[Date "2002.10.13"]
[Round "3"]
[White "Andersson, Johan"]
[Black "Johansson, Carl Fredrik"]
[Result "1/2-1/2"]
[WhiteElo "2148"]
[BlackElo "2225"]
[PlyCount "114"]
[EventDate "2002.10.11"]
[EventType "team-tourn"]
[EventRounds "11"]
[EventCountry "SWE"]
[SourceTitle "EXT 2004"]
[Source "ChessBase"]
[SourceDate "2003.11.25"]
[SourceVersion "1"]
[SourceVersionDate "2003.11.25"]
[SourceQuality "1"]
[WhiteTeam "Eksjo"]
[BlackTeam "Passanten"]
[WhiteTeamCountry "SWE"]
[BlackTeamCountry "SWE"]

1. e4 c5 2. Nf3 d6 3. d4 cxd4 4. Qxd4 Bd7 5. c4 Nc6 6. Qd2 Nf6 7. Nc3 g6 8. b3 Bg7 9. Bb2 0-0 10. Bd3 Bg4 11. Ng5 Ne5 12. Be2 Bxe2 13. Qxe2 Qa5 14. f4 Ned7 15. 0-0 Nc5 16. Nd5 Qd8 17. Qc2 e6 18. Nxf6+ Bxf6 19. Bxf6 Qxf6 20. Rad1 e5 21. b4 Na6 22. Qc3 Rac8 23. Nf3 Qe6 24. fxe5 Rxc4 25. Qd3 dxe5 26. a3 f6 27. Nxe5 Rc7 28. Nf3 Re7 29. Qd5 Qxd5 30. Rxd5 Rfe8 31. Nd2 Kg7 32. Rd6 Re6 33. Rxe6 Rxe6 34. Rc1 Re7 35. Kf2 Nc7 36. Nf3 a6 37. a4 Ne6 38. Rc4 Nf4 39. g3 Nd3+ 40. Ke3 Nb2 41. Rc2 Nxa4 42. g4 Nb6 43. Kf4 h6 44. Rc5 Rd7 45. h4 Na8 46. Ke3 Nc7 47. Nd4 Kf7 48. h5 Ne8 49. hxg6+ Kxg6 50. Nf5 Ng7 51. Nxg7 Kxg7 52. b5 axb5 53. Rxb5 Kg6 54. Kf4 Rc7 55. Rb6 Re7 56. Rb5 Rd7 57. Rb6 Re7 1/2-1/2

[Event "SWE-chT 0203"]
[Site "Sweden"]
[Date "2002.10.12"]
[Round "2"]
[White "Engqvist, Thomas"]
[Black "Andersson, Johan"]
[Result "1/2-1/2"]
[WhiteElo "2355"]
[BlackElo "2148"]
[PlyCount "62"]
[EventDate "2002.10.11"]
[EventType "team-tourn"]
[EventRounds "11"]
[EventCountry "SWE"]
[SourceTitle "EXT 2004"]
[Source "ChessBase"]
[SourceDate "2003.11.25"]
[SourceVersion "1"]
[SourceVersionDate "2003.11.25"]
[SourceQuality "1"]
[WhiteTeam "Stockholm Rockaden"]
[BlackTeam "Eksjo"]
[WhiteTeamCountry "SWE"]
[BlackTeamCountry "SWE"]

1. Nf3 d6 2. d4 Bg4 3. e4 Nf6 4. Nc3 e6 5. Be2 Be7 6. Be3 d5 7. e5 Nfd7 8. Nd2 Bxe2 9. Nxe2 c5 10. f4 Nc6 11. c3 g6 12. dxc5 Nxc5 13. 0-0 0-0 14. Nd4 Rc8 15. Qe2 a6 16. Nxc6 Rxc6 17. Bd4 b5 18. g4 Qd7 19. Rae1 Bh4 20. Rd1 Be7 21. Kh1 Qc8 22. f5 exf5 23. gxf5 gxf5 24. Qg2+ Rg6 25. Qxd5 Ne6 26. Be3 Rd8 27. Qf3 Rd3 28. Qe2 Qc6+ 29. Qf3 Qc8 30. Qe2 Qc6+ 31. Qf3 Qc8 1/2-1/2

[Event "Helsinki op4"]
[Site "Helsinki"]
[Date "1999.??.??"]
[Round "1"]
[White "Andersson, Johan"]
[Black "Kanko, Ilkka"]
[Result "1/2-1/2"]
[WhiteElo "2182"]
[BlackElo "2204"]
[PlyCount "59"]
[EventDate "1999.??.??"]
[EventType "swiss"]
[EventRounds "5"]
[EventCountry "FIN"]
[SourceTitle "EXT 2001"]
[Source "ChessBase"]
[SourceDate "2000.11.22"]
[SourceVersion "1"]
[SourceVersionDate "2000.11.22"]
[SourceQuality "1"]

1. d4 Nf6 2. c4 e6 3. Nc3 Bb4 4. Qc2 0-0 5. a3 Bxc3+ 6. Qxc3 d6 7. Nf3 Re8 8. e3 Qe7 9. Be2 e5 10. dxe5 dxe5 11. 0-0 Bg4 12. h3 Bh5 13. b4 c5 14. bxc5 Nc6 15. Re1 Ne4 16. Qc2 Nxc5 17. Bb2 Bg6 18. Qc3 Na4 19. Qb3 Nxb2 20. Qxb2 e4 21. Nd4 Ne5 22. Qb4 Rac8 23. Rab1 b6 24. Nb5 Rc5 25. Qa4 Rf8 26. Qxa7 Qg5 27. Nd4 Nf3+ 28. Bxf3 exf3 29. Nxf3 Qh5 30. Rb5 1/2-1/2

[Event "SWE-chT 9899"]
[Site "Sweden"]
[Date "1999.??.??"]
[Round "7"]
[White "Andersson, Johan"]
[Black "Kinnmark, Ove"]
[Result "0-1"]
[WhiteElo "2180"]
[BlackElo "2365"]
[PlyCount "72"]
[EventDate "1998.??.??"]
[EventType "team-tourn"]
[EventRounds "11"]
[EventCountry "SWE"]
[SourceTitle "EXT 2000"]
[Source "ChessBase"]
[SourceDate "1999.11.16"]
[SourceVersion "1"]
[SourceVersionDate "1999.11.16"]
[SourceQuality "1"]

1. e4 e5 2. Nf3 Nc6 3. d4 exd4 4. Nxd4 Nf6 5. Nc3 Bb4 6. Nxc6 bxc6 7. Bd3 0-0 8. 0-0 d5 9. exd5 cxd5 10. Bg5 c6 11. Qf3 Be7 12. h3 Be6 13. Rfe1 Re8 14. Ne2 h6 15. Bh4 Nd7 16. Bxe7 Qxe7 17. Nd4 Qd6 18. c3 Nf8 19. Re2 Rab8 20. Rae1 c5 21. Nxe6 Rxe6 22. Rxe6 Nxe6 23. b3 Rd8 24. Qf5 Nf8 25. g3 Qd7 26. Qxd7 Nxd7 27. f4 Kf8 28. Kf2 Nb6 29. Bc2 c4 30. Rd1 Rc8 31. b4 Ra8 32. Rd2 a5 33. b5 a4 34. Ke3 Ra5 35. Kd4 Rxb5 36. Bd1 a3 0-1